| Tag |
First Indicator |
Second Indicator |
Subfields |
| LEADER |
00000cas a2200000 4500 |
| 001 |
in00000052772 |
| 005 |
20151007074129.0 |
| 008 |
730712d19731977nyubr1p h 0uuua0eng |
| 010 |
|
|
|a 73642811
|
| 012 |
|
|
|a 2
|b 1
|c -
|d 7
|e -
|f -
|g p
|h -
|i ----
|k 1
|l 1
|m d
|
| 022 |
0 |
|
|a 0090-9114
|
| 035 |
|
|
|a (OCoLC)01786195
|
| 035 |
|
|
|9 AAF0995AM
|
| 037 |
|
|
|c $8.00
|
| 040 |
|
|
|a DLC
|c DLC
|d NSD
|d TXA
|d UtOrBLW
|
| 042 |
|
|
|a lc
|a nsdp
|
| 043 |
|
|
|a n-us---
|
| 049 |
|
|
|a TXAE
|
| 050 |
0 |
0 |
|a E171
|b .A444a
|
| 082 |
0 |
|
|a 917.3/03/05
|
| 110 |
2 |
|
|a American Heritage Society.
|
| 222 |
|
0 |
|a Americana
|
| 245 |
1 |
0 |
|a Americana.
|
| 246 |
3 |
0 |
|a American Heritage Society's Americana
|
| 264 |
|
1 |
|a [New York,] :
|b American Heritage Publishing Company.
|
| 300 |
|
|
|a volumes :
|b illustrations ;
|c 28 cm.
|
| 336 |
|
|
|a text
|b txt
|2 rdacontent
|
| 337 |
|
|
|a unmediated
|b n
|2 rdamedia
|
| 338 |
|
|
|a volume
|b nc
|2 rdacarrier
|
| 362 |
0 |
|
|a v. 1-5, no.2; Mar. 1973-May/June 1977.
|
| 500 |
|
|
|a Monthly.
|
| 580 |
|
|
|a Continued by: Americana, ISSN 0090-9114, published July/Aug. 1977- .
|
| 651 |
|
0 |
|a United States
|x History
|v Periodicals.
|
| 785 |
1 |
0 |
|t Americana
|x 0090-9114
|
| 999 |
|
|
|a MARS
|
| 999 |
f |
f |
|s 4bb43101-9804-3695-8177-23c4b4528ab0
|i d85841e2-7918-3096-a7dd-651f8eac8c9a
|t 0
|
| 952 |
f |
f |
|p noncirc
|a Texas A&M University
|b College Station
|c Cushing Memorial Library & Archives
|d Cushing: Kelsey Americana (Does not check out)
|t 0
|e E171 .A444a
|h Library of Congress classification
|i unmediated -- volume
|
| 952 |
f |
f |
|p noncirc
|a Texas A&M University
|b College Station
|c Cushing Memorial Library & Archives
|d Cushing: Dykes (Does not check out)
|t 0
|e E171 .A444a
|h Library of Congress classification
|i unmediated -- volume
|
| 998 |
f |
f |
|a E171 .A444a
|s v.2:no.5 (1974:Nov.)
|t 0
|l Cushing: Kelsey Americana (Does not check out)
|
| 998 |
f |
f |
|a E171 .A444a
|s v.4:no.5 (1976:Nov.)
|t 0
|l Cushing: Dykes (Does not check out)
|